1240 1347 1774 1433 1331 1209 1025 1172 1659 1113 1465 1787 1578 1220 1158 1322 1179 1605 1966 1551 1668 1262 1828 1460 1947 1748 1142 1996 1226 1443 1001 1784 1435 1134 1427 1699 1446 1789 1395 1761 1822 1754 1043 1684 1965 1655 1893 1147 1828 1729 1967 1350 1387 1687 1387 1123 1956 1173 1627 1268 1985 1557 1361 1204 1986 1443 1360 1365 1932 1530 1499 1528 1531 1453 1559 1750 1644 1421 1010 1193 1558 1950 1429 1666 1366 1680 1849 1319 1910 1538 1494 1012 1594 1142 1058 1602 1973 1535 1866 BCNSPRNW ULIB Ver.6.0+V

เปลี่ยนเป็นภาษาไทย

Change to English
 แสดงรายละเอียดบรรณานุกรม
  กลับหน้าหลัก

Brief Record : Get Marc (ISO 2709) : E-mail record : QR code < ปิดหน้าต่าง
LEADER : 00000nam 2200000uu 4500
001    13399111807
003     ULIB
008    110708s2546||||th 000 0 tha d
050  4 DS570.3^bว386ต 2546
100 0  วัชริน เงินสุข
245 10 พระบาทสมเด็จพระเจ้าอยู่หัวกับปัญหาเศรษฐกิจของประเทศไทย /^cวัชริน เงินสุข
250    พิมพ์ครั้งที่ 1
260    นครสวรรค์ :^bอินทนนท์การพิมพ์ เดอะ เบสท์ เพรส แอนด์ ครีเอชั่น,^c2546
300    127 หน้า :^bภาพประกอบสี
650  7 นครสวรรค์
650  7 พระบาทสมเด็จพระจุลจอมเกล้าเจ้าอยู่หัว
945    ^p0^l0^i019361
945    ^p0^l0^i019362
945    ^p0^l0^i019363
945    ^p0^l0^i019364
945    ^p0^l0^i019365
995    ทศพร
999 ^a ใช้งานได้ทุกระบบ
รายการนี้ยังไม่มีแท็ก
คุณยังไม่ได้ล็อกอิน คุณสามารถมีกิจกรรมร่วมกับเว็บไซต์ได้ แต่ต้องล็อกอินก่อน ::
  ล็อกอิน

รายการสื่อสารสนเทศ

ลำดับที่ ประเภท เลขเรียก/บาร์โค้ด สถานที่ สถานะ
- ไม่พบข้อมูล -

รายการใกล้เคียง
    หัวเรื่อง [นครสวรรค์]

BibComment


ยังไม่เคยถูกคอมเมนท์

คอมเมนท์ทรัพยากรรายการนี้
  คอมเมนท์: พระบาทสมเด็จพระเจ..


 Copyright 2026. Bcnsprnw @Library